Giải nạn
Khái quát về người Thái ở Tây Bắc và phong tục, nghi thức lễ cúng giải hạn và những bài văn cúng giải hạn của người Thái
שמור ב:
| מחבר ראשי: | |
|---|---|
| פורמט: | ספר |
| שפה: | Undetermined |
| יצא לאור: |
Hà Nội
Văn hóa Thông tin
2013
|
| נושאים: | |
| תגים: |
הוספת תג
אין תגיות, היה/י הראשונ/ה לתייג את הרשומה!
|
| Thư viện lưu trữ: | Trung tâm Học liệu Trường Đại học Cần Thơ |
|---|
| LEADER | 00730nam a2200205Ia 4500 | ||
|---|---|---|---|
| 001 | CTU_190966 | ||
| 008 | 210402s9999 xx 000 0 und d | ||
| 082 | |a 390.09597 | ||
| 082 | |b V121 | ||
| 100 | |a Lò, Vũ Vân | ||
| 245 | 0 | |a Giải nạn | |
| 245 | 0 | |c Lò Vũ Vân | |
| 260 | |a Hà Nội | ||
| 260 | |b Văn hóa Thông tin | ||
| 260 | |c 2013 | ||
| 520 | |a Khái quát về người Thái ở Tây Bắc và phong tục, nghi thức lễ cúng giải hạn và những bài văn cúng giải hạn của người Thái | ||
| 650 | |a Folklore,Văn hóa dân gian | ||
| 650 | |z Vietnam,Việt Nam | ||
| 910 | |a Hải | ||
| 980 | |a Trung tâm Học liệu Trường Đại học Cần Thơ | ||